[Event "TUR-chT 1st League"]
[Site "Konya"]
[Date "2017.07.20"]
[Round "6.6"]
[White "Bulduk, Ibrahim Ege"]
[Black "Olcum, Ahmet"]
[Result "0-1"]
[WhiteElo "1920"]
[BlackElo "2183"]
[PlyCount "82"]
[EventDate "2017.07.17"]
[EventType "team-swiss"]
[EventRounds "9"]
[EventCountry "TUR"]
[SourceTitle "CBM 179 Extra"]
[Source "ChessBase"]
[SourceDate "2017.08.23"]
[SourceVersion "1"]
[SourceVersionDate "2017.08.23"]
[SourceQuality "1"]
[WhiteTeam "Ordu Buyuksehir Belediye"]
[BlackTeam "Biltis Tatvan"]
[WhiteTeamCountry "TUR"]
[BlackTeamCountry "TUR"]

1. e4 d6 2. d4 Nf6 3. Nc3 e5 4. Nf3 Nbd7 5. Bc4 Be7 6. 0-0 c6 7. a4 Qc7 8. h3 h6 9. a5 Nf8 10. b3 g5 11. Bb2 Ng6 12. Qd3 g4 13. hxg4 Bxg4 14. Ne2 d5 15. Nxe5 Nxe5 16. dxe5 dxc4 17. bxc4 Rd8 18. Qe3 Nh5 19. e6 f6 20. e5 f5 21. f3 f4 22. Qe4 Bxe6 23. Nxf4 Bc5+ 24. Kh2 Nxf4 25. Qxf4 Qf7 26. Qxf7+ Kxf7 27. Rab1 Kg6 28. f4 h5 29. Bc3 Rh7 30. Rf3 h4 31. Re1 Kf5 32. Rd3 Rhd7 33. Rh3 Bf2 34. Rf1 Bg3+ 35. Rxg3 hxg3+ 36. Kxg3 Rd1 37. Rf3 Bxc4 38. Re3 Rg8+ 39. Kh2 Rh8+ 40. Kg3 Rdh1 41. Kf3 Rg8 0-1

[Event "TUR-chT2"]
[Site "Konya"]
[Date "2016.07.19"]
[Round "4.6"]
[White "Bulduk, Ibrahim Ege"]
[Black "Molla, Ersen"]
[Result "1-0"]
[WhiteElo "1858"]
[BlackElo "1895"]
[PlyCount "77"]
[EventDate "2016.07.17"]
[EventType "team-swiss"]
[EventRounds "9"]
[EventCountry "TUR"]
[SourceTitle "CBM 173 Extra"]
[Source "ChessBase"]
[SourceDate "2016.08.29"]
[SourceVersion "1"]
[SourceVersionDate "2016.08.29"]
[SourceQuality "1"]
[WhiteTeam "Ordu Azdur"]
[BlackTeam "Izmir Karsiyaka"]
[WhiteTeamCountry "TUR"]
[BlackTeamCountry "TUR"]

1. e4 g6 2. d4 Bg7 3. Nf3 d6 4. Bc4 a6 5. a4 e6 6. Bg5 Ne7 7. Qd2 h6 8. Be3 d5 9. exd5 Nxd5 10. Nc3 Nxe3 11. Qxe3 0-0 12. 0-0 Nd7 13. Rad1 Nb6 14. Bb3 Nd5 15. Nxd5 exd5 16. Rfe1 Bg4 17. h3 Be6 18. c3 Qd6 19. Bc2 Rae8 20. Ne5 Bc8 21. Qg3 Re6 22. f4 Rf6 23. Re3 Bf5 24. Bxf5 Rxf5 25. Rde1 b6 26. b4 Rd8 27. Nd3 Qc6 28. Qh4 Rf6 29. Ne5 Qxa4 30. Ng4 Rfd6 31. Nxh6+ Bxh6 32. Qxh6 Qc6 33. Re7 Rf8 34. R1e3 a5 35. bxa5 bxa5 36. h4 a4 37. h5 gxh5 38. Rg3+ Rg6 39. f5 1-0

[Event "TUR-chT2"]
[Site "Konya"]
[Date "2016.07.18"]
[Round "2.8"]
[White "Bulduk, Ibrahim Ege"]
[Black "Uysal, Utkan Alp"]
[Result "1-0"]
[WhiteElo "1858"]
[BlackElo "1740"]
[PlyCount "27"]
[EventDate "2016.07.17"]
[EventType "team-swiss"]
[EventRounds "9"]
[EventCountry "TUR"]
[SourceTitle "CBM 173 Extra"]
[Source "ChessBase"]
[SourceDate "2016.08.29"]
[SourceVersion "1"]
[SourceVersionDate "2016.08.29"]
[SourceQuality "1"]
[WhiteTeam "Ordu Azdur"]
[BlackTeam "Manisa Salihli Sardes"]
[WhiteTeamCountry "TUR"]
[BlackTeamCountry "TUR"]

1. e4 d6 2. d4 Nf6 3. Nf3 g6 4. Bd3 Bg7 5. Nc3 0-0 6. Bg5 c6 7. a4 Qa5 8. 0-0 h6 9. Bc1 Nbd7 10. Bc4 Qc7 11. Rb1 a6 12. Ra1 Ng4 13. Bf4 g5 14. Bg3 1-0

[Event "TUR-chT2"]
[Site "Konya"]
[Date "2014.06.29"]
[Round "9.4"]
[White "Bulduk, Ibrahim Ege"]
[Black "Ozen, Ali"]
[Result "0-1"]
[WhiteElo "1833"]
[BlackElo "1719"]
[PlyCount "66"]
[EventDate "2014.06.23"]
[EventType "team-swiss"]
[EventRounds "9"]
[EventCountry "TUR"]
[SourceTitle "CBM 161 Extra"]
[Source "ChessBase"]
[SourceDate "2014.08.29"]
[SourceVersion "1"]
[SourceVersionDate "2014.08.29"]
[SourceQuality "1"]
[WhiteTeam "Burdur"]
[BlackTeam "Pausa"]
[WhiteTeamCountry "TUR"]
[BlackTeamCountry "TUR"]

1. e4 c5 2. Nf3 d6 3. d4 cxd4 4. Nxd4 Nf6 5. Nc3 g6 6. Be3 Bg7 7. f3 Nc6 8. Qd2 0-0 9. Bc4 Bd7 10. 0-0-0 Rb8 11. Nxc6 bxc6 12. Bxa7 Rb7 13. Be3 Qa5 14. Bb3 c5 15. Nd5 Qxd2+ 16. Bxd2 Nxd5 17. exd5 c4 18. Bxc4 Bxb2+ 19. Kb1 h5 20. Bb3 Bf6 21. Bc1 Rc8 22. Bb2 Bf5 23. Rd2 Bg5 24. Re2 Rb4 25. Rd1 Kf8 26. Rd4 Rcb8 27. Rxb4 Rxb4 28. a4 Rxb3 29. g4 hxg4 30. fxg4 Bxg4 31. Rg2 Rb4 32. h3 Bf6 33. c3 Bf5+ 0-1

[Event "TUR-chT2"]
[Site "Konya"]
[Date "2014.06.25"]
[Round "4.4"]
[White "Ererdem, Gani Eren"]
[Black "Bulduk, Ibrahim Ege"]
[Result "1-0"]
[WhiteElo "1905"]
[BlackElo "1833"]
[PlyCount "69"]
[EventDate "2014.06.23"]
[EventType "team-swiss"]
[EventRounds "9"]
[EventCountry "TUR"]
[SourceTitle "CBM 161 Extra"]
[Source "ChessBase"]
[SourceDate "2014.08.29"]
[SourceVersion "1"]
[SourceVersionDate "2014.08.29"]
[SourceQuality "1"]
[WhiteTeam "Karaman Belediye"]
[BlackTeam "Burdur"]
[WhiteTeamCountry "TUR"]
[BlackTeamCountry "TUR"]

1. e4 c5 2. b3 Nf6 3. e5 Nd5 4. Bb2 e6 5. Nf3 a6 6. c4 Nc7 7. Bd3 Nc6 8. Nc3 Be7 9. Ne4 0-0 10. Qe2 Ne8 11. h4 h6 12. Nfg5 d5 13. exd6 Bxd6 14. Nxd6 Nxd6 15. 0-0-0 b5 16. Bh7+ Kh8 17. Be4 Bb7 18. Qh5 Nd4 19. Bxb7 Nxb7 20. Nxf7+ Rxf7 21. Qxf7 Na5 22. Rh3 Rb8 23. d3 Rb7 24. Qh5 Qd6 25. Re3 Nac6 26. Re4 e5 27. f4 exf4 28. Qd5 Qf6 29. Qxc5 Rd7 30. Bxd4 Nxd4 31. Qe5 Qxe5 32. Rxe5 f3 33. gxf3 Nxf3 34. Re4 Kh7 35. d4 1-0

[Event "TUR-chT2"]
[Site "Konya"]
[Date "2014.06.24"]
[Round "3.5"]
[White "Bulduk, Ibrahim Ege"]
[Black "Ulvi, Muhammed Ikbal"]
[Result "1-0"]
[WhiteElo "1833"]
[BlackElo "1758"]
[PlyCount "85"]
[EventDate "2014.06.23"]
[EventType "team-swiss"]
[EventRounds "9"]
[EventCountry "TUR"]
[SourceTitle "CBM 161 Extra"]
[Source "ChessBase"]
[SourceDate "2014.08.29"]
[SourceVersion "1"]
[SourceVersionDate "2014.08.29"]
[SourceQuality "1"]
[WhiteTeam "Burdur"]
[BlackTeam "Ataturk Univ"]
[WhiteTeamCountry "TUR"]
[BlackTeamCountry "TUR"]

1. e4 c5 2. Nf3 Nc6 3. d4 cxd4 4. Nxd4 Nf6 5. Nc3 d6 6. Be3 e5 7. Nb3 Be7 8. Be2 0-0 9. h3 a5 10. 0-0 a4 11. Nd2 a3 12. b3 d5 13. exd5 Nxd5 14. Nxd5 Qxd5 15. Bc4 Qa5 16. Qh5 Nb4 17. Ne4 Be6 18. Bxe6 fxe6 19. Bg5 Rae8 20. c4 Nc6 21. Rad1 Qc7 22. Bxe7 Rxe7 23. Rfe1 Rf5 24. Qh4 Rf4 25. Qg5 Rf5 26. Qg3 Rd7 27. Nc5 Re7 28. Ne4 b6 29. Rd2 Rd7 30. Red1 Nd4 31. Qe3 Qd8 32. b4 Qh4 33. Ng3 Rf8 34. Qxe5 Rfd8 35. Kh1 Kh8 36. Ne4 Rf7 37. Rxd4 Rdf8 38. Rd7 h6 39. Rxf7 Rxf7 40. Qxe6 Re7 41. Rd8+ Kh7 42. Qf5+ g6 43. Qf8 1-0